Fortune makers : (Record no. 554492)

000 -LEADER
fixed length control field 01584cam a2200397 i 4500
001 - CONTROL NUMBER
control field 19379449
003 - CONTROL NUMBER IDENTIFIER
control field NUST
005 - DATE AND TIME OF LATEST TRANSACTION
control field 20210329151703.0
008 - FIXED-LENGTH DATA ELEMENTS--GENERAL INFORMATION
fixed length control field 161118s2017 nyu b 001 0 eng
010 ## - LIBRARY OF CONGRESS CONTROL NUMBER
LC control number 2016040752
020 ## - INTERNATIONAL STANDARD BOOK NUMBER
International Standard Book Number 9781610396585 (hardcover)
038 ## - RECORD CONTENT LICENSOR
Staff Name waseem
040 ## - CATALOGING SOURCE
Original cataloging agency DLC
Language of cataloging eng
Transcribing agency DLC
Description conventions rda
Modifying agency DLC
042 ## - AUTHENTICATION CODE
Authentication code pcc
043 ## - GEOGRAPHIC AREA CODE
Geographic area code a-cc---
050 00 - LIBRARY OF CONGRESS CALL NUMBER
Classification number HD2910
Item number .U84 2017
082 00 - DEWEY DECIMAL CLASSIFICATION NUMBER
Classification number 338.092251
Author Mark USE
100 1# - MAIN ENTRY--PERSONAL NAME
Personal name Useem, Michael,
Relator term author.
9 (RLIN) 52022
245 10 - TITLE STATEMENT
Title Fortune makers :
Remainder of title the leaders creating China's great global companies /
Statement of responsibility, etc. Michael Useem, Harbir Singh, Neng Liang, and Peter Cappelli.
250 ## - EDITION STATEMENT
Edition statement First Edition.
264 #1 - PRODUCTION, PUBLICATION, DISTRIBUTION, MANUFACTURE, AND COPYRIGHT NOTICE
Place of production, publication, distribution, manufacture New York :
Name of producer, publisher, distributor, manufacturer PublicAffairs,
Date of production, publication, distribution, manufacture, or copyright notice [2017]
300 ## - PHYSICAL DESCRIPTION
Extent x, 274 pages ;
Dimensions 24 cm
336 ## - CONTENT TYPE
Content type term text
Content type code txt
Source rdacontent
337 ## - MEDIA TYPE
Media type term unmediated
Media type code n
Source rdamedia
338 ## - CARRIER TYPE
Carrier type term volume
Carrier type code nc
Source rdacarrier
504 ## - BIBLIOGRAPHY, ETC. NOTE
Bibliography, etc. note Includes bibliographical references and index.
563 ## - BINDING INFORMATION
Binding note Hardcover.
650 #0 - SUBJECT ADDED ENTRY--TOPICAL TERM
Topical term or geographic name entry element International business enterprises
Geographic subdivision China
Form subdivision Case studies.
9 (RLIN) 52023
650 #0 - SUBJECT ADDED ENTRY--TOPICAL TERM
Topical term or geographic name entry element Corporations
Geographic subdivision China
Form subdivision Case studies.
9 (RLIN) 52024
650 #0 - SUBJECT ADDED ENTRY--TOPICAL TERM
Topical term or geographic name entry element Leadership
Geographic subdivision China
Form subdivision Case studies.
9 (RLIN) 52025
650 #0 - SUBJECT ADDED ENTRY--TOPICAL TERM
Topical term or geographic name entry element Businesspeople
Geographic subdivision China
Form subdivision Case studies.
9 (RLIN) 52026
776 08 - ADDITIONAL PHYSICAL FORM ENTRY
Relationship information Online version:
Main entry heading Useem, Michael, author.
Title Fortune makers
Edition First Edition.
Place, publisher, and date of publication New York : PublicAffairs, [2017]
International Standard Book Number 9781610396592
Record control number (DLC) 2016053935
906 ## - LOCAL DATA ELEMENT F, LDF (RLIN)
a 7
b cbc
c orignew
d 1
e ecip
f 20
g y-gencatlg
942 ## - ADDED ENTRY ELEMENTS (KOHA)
Source of classification or shelving scheme
Koha item type Book
Holdings
Withdrawn status Lost status Source of classification or shelving scheme Damaged status Not for loan Permanent Location Current Location Shelving location Date acquired Source of acquisition Full call number Barcode Date last seen Price effective from Koha item type
          Central Library (CL) Central Library (CL) Chinese Studies 03/29/2021 Allied Book Company 338.092251 USE CL-502 03/10/2025 03/29/2021 Book
© 2023 Central Library, National University of Sciences and Technology. All Rights Reserved.